[Event "Cornella Pinol Memorial 5th"]
[Site "Cornella de Llobregat"]
[Date "2017.09.25"]
[Round "1"]
[White "Moyano Barrero, Antonio"]
[Black "Perez Mitjans, Orelvis"]
[Result "0-1"]
[WhiteElo "1811"]
[BlackElo "2403"]
[PlyCount "58"]
[EventDate "2017.09.25"]
[EventType "swiss"]
[EventRounds "9"]
[EventCountry "ESP"]
[SourceTitle "CBM 181 Extra"]
[Source "ChessBase"]
[SourceDate "2017.12.12"]
[SourceVersion "1"]
[SourceVersionDate "2017.12.12"]
[SourceQuality "1"]

1. b4 Nf6 2. Bb2 e6 3. b5 d5 4. e3 c5 5. c4 Bd6 6. Nf3 0-0 7. Be2 Nbd7 8. 0-0 Qe7 9. d4 Rd8 10. Nbd2 Ne4 11. a4 Ndf6 12. Ne5 cxd4 13. exd4 dxc4 14. Ndxc4 Bb4 15. Rc1 Nd5 16. Bd3 Nd6 17. Qf3 Nxc4 18. Rxc4 Bd6 19. a5 Bd7 20. Nxd7 Qxd7 21. Rfc1 Be7 22. b6 axb6 23. axb6 Ra2 24. R4c2 Bg5 25. Bxh7+ Kxh7 26. Qh5+ Bh6 27. g4 Nf4 28. Qh4 Qd5 29. Qg3 Rc8 0-1

[Event "Foment Martinenc op-A 15th"]
[Site "Barcelona"]
[Date "2013.04.27"]
[Round "2"]
[White "Porta Tovar, Guillem"]
[Black "Moyano Barrero, Antonio"]
[Result "1-0"]
[WhiteElo "1970"]
[BlackElo "1837"]
[PlyCount "47"]
[EventDate "2013.04.20"]
[EventType "swiss"]
[EventRounds "9"]
[EventCountry "ESP"]
[SourceTitle "CBM 154 Extra"]
[Source "ChessBase"]
[SourceDate "2013.06.25"]
[SourceVersion "2"]
[SourceVersionDate "2013.06.25"]
[SourceQuality "1"]

1. e4 c6 2. d4 d5 3. Nc3 dxe4 4. Nxe4 Nf6 5. Ng5 h6 6. N5f3 c5 7. Be3 Ng4 8. dxc5 Qxd1+ 9. Rxd1 Nxe3 10. fxe3 e6 11. b4 a5 12. a3 axb4 13. axb4 Ra2 14. Ne5 Be7 15. Bb5+ Kf8 16. Ngf3 Na6 17. Bxa6 Rxa6 18. Nc4 Bf6 19. 0-0 Ke7 20. e4 Bc3 21. Nfe5 Rf8 22. b5 Ra2 23. c6 Bxe5 24. Nxe5 1-0

[Event "Barcelona Tres Peons op-A 15th"]
[Site "Barcelona"]
[Date "2013.02.08"]
[Round "5"]
[White "Exposito Amaro, Josue"]
[Black "Moyano Barrero, Antonio"]
[Result "1-0"]
[WhiteElo "2273"]
[BlackElo "1815"]
[PlyCount "41"]
[EventDate "2013.01.11"]
[EventType "swiss"]
[EventRounds "9"]
[EventCountry "ESP"]
[SourceTitle "EXT 2014"]
[Source "ChessBase"]
[SourceDate "2013.11.20"]
[SourceVersion "1"]
[SourceVersionDate "2013.11.20"]
[SourceQuality "1"]

1. e4 b6 2. Nc3 Bb7 3. d4 e6 4. Bd3 Nf6 5. Nf3 d5 6. e5 Nfd7 7. Ng5 Be7 8. Qg4 g6 9. Nxe6 fxe6 10. Bxg6+ hxg6 11. Qxg6+ Kf8 12. Bh6+ Rxh6 13. Qxh6+ Kg8 14. Qg6+ Kf8 15. h4 Nc6 16. Qh6+ Ke8 17. Qh5+ Kf8 18. Rh3 Nxd4 19. Rg3 Nf5 20. Qh8+ Kf7 21. Qh7+ 1-0